00303 2200133 4500001002100000005001500021035002000036082000800056084001200064245004000076260003300116300000800149990001200157INLIS00000000000206620250527094244 a0010-0525000358 a500 a500 SAM aSampah Jadi Uang /cEndang Purwanti bSaka Mitra Kompetensi,c2007 a120 a0713221